Zoology / (Record no. 16012)

000 -LEADER
fixed length control field 00438cam a22001694a 4500
020 ## - INTERNATIONAL STANDARD BOOK NUMBER
ISBN 0070294119 (pbk. : alk. paper)
040 ## - CATALOGING SOURCE
Transcribing agency DLC
082 00 - DEWEY DECIMAL CLASSIFICATION NUMBER
Classification number 590 HIL 2002 A082 Or.
100 1# - MAIN ENTRY--AUTHOR NAME
Personal name Miller, Stephen A.
245 10 - TITLE STATEMENT
Title Zoology /
250 ## - EDITION STATEMENT
Edition statement 5th ed.
260 ## - PUBLICATION, DISTRIBUTION, ETC. (IMPRINT)
Place of publication Boston :
Name of publisher McGraw-Hill,
Year of publication c2002.
300 ## - PHYSICAL DESCRIPTION
Number of Pages xvii, 540 p. :
Other physical details ill. (some col.), col. maps ;
Dimensions 28 cm.
650 #0 - SUBJECT ADDED ENTRY--TOPICAL TERM
Topical Term Zoology.
700 1# - ADDED ENTRY--PERSONAL NAME
Personal name Harley, John P.
942 ## - ADDED ENTRY ELEMENTS (KOHA)
Koha item type សៀវភៅភាសាអង់គ្លេស
952 ## - LOCATION AND ITEM INFORMATION (KOHA)
Withdrawn status [LOCAL, KOHA] 0
Holdings
Permanent Location Date acquired Koha item type Lost status Shelving location Barcode Current Location Full call number
Library Block A2017-12-26សៀវភៅភាសាអង់គ្លេស A082A14573Library Block A590 HIL 2002 A082 Or.
មជ្ឈមណ្ឌលឯការនៃសាកលវិទ្យាល័យភូមិន្ទកសិកម្មចំការដូង

Powered by Koha